Normal view
MARC view
- Frankfurt am Main (Germany)
Entry Geographic Name
001 - CONTROL NUMBER
- control field: 28067
003 - CONTROL NUMBER IDENTIFIER
- control field: NUST
005 - DATE AND TIME OF LATEST TRANSACTION
- control field: 20200127103140.0
008 - FIXED-LENGTH DATA ELEMENTS
- fixed length control field: 200127|| aca||aabn | a|a d
040 ## - CATALOGING SOURCE
- Original cataloging agency: NUST
- Transcribing agency: NUST
151 ## - HEADING--GEOGRAPHIC NAME
- Geographic name: Frankfurt am Main (Germany)
670 ## - SOURCE DATA FOUND
- Source citation: Work cat.: (NUST)0: Christie, Agatha, 1890-1976. 28066, Passenger to Frankfurt /, 2012.
